书目信息 |
| 题名: |
家庭护理指南
|
|
| 作者: | 杨英华 主编 | |
| 分册: | ||
| 出版信息: | 上海 上海三联书店 2001 |
|
| 页数: | 443页 | |
| 开本: | 20cm | |
| 丛书名: | 家庭医学指南丛书 | |
| 单 册: | ||
| 中图分类: | R473.2-62 | |
| 科图分类: | ||
| 主题词: | 家庭--护理--指南 , 护理学 | |
| 电子资源: | ||
| ISBN: | 7-5426-1617-X | |
| 000 | 00672cam 22000253aa45 0 | |
| 001 | 0653473216 | |
| 005 | 20060929145142.79 | |
| 010 | @a7-5426-1617-X@dCNY22.00 | |
| 100 | @a20011206d2001 em y0chiy0121 ea | |
| 101 | 0 | @achi |
| 102 | @aCN@b310000 | |
| 105 | @ay z 000yy | |
| 106 | @ar | |
| 200 | 10 | @a家庭护理指南@f杨英华主编@Ajia ting hu li zhi nan |
| 210 | @a上海@c上海三联书店@d2001 | |
| 215 | @a443页@d20cm | |
| 225 | 2 | @a家庭医学指南丛书 |
| 410 | 0 | @1 2001@a家庭医学指南丛书 |
| 606 | 0 | @a家庭@x护理@j指南 |
| 606 | 0 | @a护理学 |
| 690 | @aR473.2-62@v3 | |
| 701 | 0 | @a杨英华@4主编@Ayang ying hua |
| 801 | 0 | @c20060929 |
| 905 | @a10447@dR473.2-62@e41 | |
| 家庭护理指南/杨英华主编.-上海:上海三联书店,2001 |
| 443页;20cm .-(家庭医学指南丛书 ) |
| ISBN 7-5426-1617-X:CNY22.00 |
| ● |
| 相关链接 |
|
|
|
|
正题名:家庭护理指南
索取号:R473.2-62/41
 
预约/预借
| 序号 | 登录号 | 条形码 | 馆藏地/架位号 | 状态 | 备注 |
| 1 | 0483992 | 204839924 | 密集书库/ [索取号:R473.2-62/41] | 在馆 |